LEADER 01364nam 2200373z- 450 001 9910689762703321 005 20101015081255.0 035 $a(CKB)4920000000817549 035 $a(BIP)008631572 035 $a(EXLCZ)994920000000817549 100 $a20220316c2001uuuu -u- - 101 0 $aeng 200 10$aGuestworker visa programs $ehearing before the Subcommittee on Immigration and Claims of the Committee on the Judiciary, House of Representatives, One Hundred Seventh Congress, first session, June 19, 2001 210 $cWashington: U.S. G.P.O. 215 $a1 online resource (iii, 45 p.) $cill 311 $a0-16-066008-4 517 $aGuestworker visa programs 606 $aForeign workers$xGovernment policy$zUnited States 606 $aForeign worker certification$zUnited States 606 $aVisas$zUnited States 610 $aWorking class 610 $aForeign workers 610 $aPassports 610 $aSocial science 610 $aBusiness & economics 610 $aTravel 615 0$aForeign workers$xGovernment policy 615 0$aForeign worker certification 615 0$aVisas 712 02$aUnited States, Congress House Committee on the Judiciary Subcommittee on Immigration and Claims Staff,$4oth 906 $aBOOK 912 $a9910689762703321 996 $aGuestworker visa programs$93134191 997 $aUNINA LEADER 01480nam0 22003613i 450 001 MIL0736748 005 20251003044237.0 010 $a9788823831698 100 $a20090618d2007 ||||0itac50 ba 101 | $aita 102 $ait 181 1$6z01$ai $bxxxe 182 1$6z01$an 200 1 $aStart-up$emanuale per i nuovi imprenditori$fClaudio F. Fava$gprefazione di Francesco Cossiga 205 $a2. ed 210 $aMilano$cEgea$d2007 215 $aXXIII, 293 p.$d24 cm. 225 | $aCultura d'impresa 410 0$1001TO01443135$12001 $aCultura d'impresa 606 $aImprese$xGestione$2FIR$3CFIC001120$9E 676 $a658$9GESTIONE GENERALE$v20 676 $a658$9GESTIONE IN GENERALE$v21 676 $a658.1$9GESTIONE IN GENERALE. ORGANIZZAZIONE E FINANZA$v14 676 $a658.4$9GESTIONE ESECUTIVA$v21 700 1$aFava$b, Claudio F.$3TO0V432968$4070$0437670 801 3$aIT$bIT-000000$c20090618 850 $aIT-BN0095 901 $bNAP 01$cPOZZO LIB.$nVi sono collocati fondi di economia, periodici di ingegneria e scienze, periodici di economia e statistica e altri fondi comprendenti documenti di economia pervenuti in dono. 912 $aMIL0736748 950 0$aBiblioteca Centralizzata di Ateneo$c1 v.$d 01POZZO LIB.ECON MON 1624$e 0101 0000208475E VMA 1 v. (Precedente collocazione: DASES B 1751)$fB $h20091221$i20091221 977 $a 01 996 $aStart-up$964953 997 $aUNISANNIO